00400nam a2200121Ia 4500001000400000008004100004082002200045100006500067245008000132260002400212901002700236999001500263823241024s9999 xx 000 0 und d aRD/372/R426m/PACE aRepública Dominicana.Secretaría de Estado de Educación 0aManual de procedimeintos para el acompañamiento en los Centros Educativos bSanto Domingoc2007 a3/12/2010 1:10:49 p.m. c8582d8582